CRIMINAL MANUAL (Record no. 34084)

MARC details
000 -LEADER
fixed length control field 00313nam a22001457a 4500
003 - CONTROL NUMBER IDENTIFIER
control field SGT
020 ## - INTERNATIONAL STANDARD BOOK NUMBER
International Standard Book Number 9788119725588
082 ## - DEWEY DECIMAL CLASSIFICATION NUMBER
Classification number 345
Item number GAU
100 ## - MAIN ENTRY--PERSONAL NAME
Personal name GAUR K D
245 ## - TITLE STATEMENT
Title CRIMINAL MANUAL
Remainder of title NEW CRIMINAL MAJOR LAWS
250 ## - EDITION STATEMENT
Edition statement 1
260 ## - PUBLICATION, DISTRIBUTION, ETC. (IMPRINT)
Place of publication, distribution, etc DELHI
Name of publisher, distributor, etc WHITESMANN
Year of Publication 2023
300 ## - PAGE DESCRIPTION
No. of Pages D-151
942 ## - ADDED ENTRY ELEMENTS (KOHA)
Source of classification or shelving scheme Dewey Decimal Classification
Koha item type Books
Holdings
Withdrawn status Lost status Source of classification or shelving scheme Damaged status Not for loan Collection code Home library Current library Shelving location Date acquired Vendor Name Cost, normal purchase price SGTU Bill Number Full call number Accession No. (Barcode) Date last seen Bill Date Koha item type Total Checkouts
    Dewey Decimal Classification   Not For Loan LAW SGT Science & Social Sciences Library SGT Science & Social Sciences Library Reference Book 14/02/2026 ZAFFA BOOKS AND DISTRIBUTOR 799.00 SGTU ZBD0409 345 GAU FL4016 14/02/2026 30/01/2026 Books  
    Dewey Decimal Classification     LAW SGT Science & Social Sciences Library SGT Science & Social Sciences Library Text Book 14/02/2026 ZAFFA BOOKS AND DISTRIBUTOR 799.00 SGTU ZBD0409 345 GAU FL4017 14/02/2026 30/01/2026 Books  
    Dewey Decimal Classification     LAW SGT Science & Social Sciences Library SGT Science & Social Sciences Library Text Book 14/02/2026 ZAFFA BOOKS AND DISTRIBUTOR 799.00 SGTU ZBD0409 345 GAU FL4018 14/02/2026 30/01/2026 Books  
    Dewey Decimal Classification     LAW SGT Science & Social Sciences Library SGT Science & Social Sciences Library Text Book 14/02/2026 ZAFFA BOOKS AND DISTRIBUTOR 799.00 SGTU ZBD0409 345 GAU FL4019 14/02/2026 30/01/2026 Books  
    Dewey Decimal Classification     LAW SGT Science & Social Sciences Library SGT Science & Social Sciences Library Text Book 14/02/2026 ZAFFA BOOKS AND DISTRIBUTOR 799.00 SGTU ZBD0409 345 GAU FL4020 14/02/2026 30/01/2026 Books  
    Dewey Decimal Classification     LAW SGT Science & Social Sciences Library SGT Science & Social Sciences Library Text Book 14/02/2026 ZAFFA BOOKS AND DISTRIBUTOR 799.00 SGTU ZBD0409 345 GAU FL4021 14/02/2026 30/01/2026 Books  
    Dewey Decimal Classification     LAW SGT Science & Social Sciences Library SGT Science & Social Sciences Library Text Book 14/02/2026 ZAFFA BOOKS AND DISTRIBUTOR 799.00 SGTU ZBD0409 345 GAU FL4022 14/02/2026 30/01/2026 Books